[Event "VII. Berecz memorial A 2019"]
[Site "?"]
[Date "2020.01.03"]
[Round "4.1"]
[White "Papp Z., Csaba"]
[Black "Miszler, Levente"]
[Result "1/2-1/2"]
[WhiteElo "2151"]
[BlackElo "2180"]
[PlyCount "22"]
[EventDate "2020.01.02"]

1. e4 e6 2. d4 d5 3. exd5 exd5 4. Bd3 Bd6 5. c3 Nf6 6. Nf3 O-O 7. O-O c6 8. Bg5
Bg4 9. Nbd2 Nbd7 10. Qc2 Qc7 11. Rfe1 Rfe8 1/2-1/2

[Event "VII. Berecz memorial A 2019"]
[Site "?"]
[Date "2020.01.03"]
[Round "4.2"]
[White "Dobai, Szabolcs"]
[Black "Samu, Gabor Jr."]
[Result "1/2-1/2"]
[WhiteElo "2185"]
[BlackElo "2311"]
[PlyCount "38"]
[EventDate "2020.01.02"]

1. Nf3 d5 2. c4 c6 3. g3 Nf6 4. Bg2 g6 5. b3 Bg7 6. Bb2 O-O 7. O-O Nbd7 8. Qc2
e6 9. d3 c5 10. cxd5 exd5 11. Nbd2 b6 12. e3 Ba6 13. Rfd1 Rc8 14. Rac1 Qe7 15.
Qb1 Rfe8 16. Nf1 Bh6 17. Re1 Ng4 18. Rcd1 Bb7 19. Qa1 Ngf6 1/2-1/2

[Event "VII. Berecz memorial A 2019"]
[Site "?"]
[Date "2020.01.03"]
[Round "4.3"]
[White "Marta, Dominik"]
[Black "Ress, Tamas"]
[Result "0-1"]
[WhiteElo "2114"]
[BlackElo "2242"]
[PlyCount "56"]
[EventDate "2020.01.02"]

1. Nf3 f5 2. d4 d6 3. c4 Nf6 4. Nc3 g6 5. g3 Bg7 6. Bg2 O-O 7. O-O Nc6 8. Qb3
Na5 9. Qa4 c5 10. dxc5 dxc5 11. Nd5 Nxd5 12. cxd5 Bd7 13. Qc2 Bb5 14. Ng5 Bd7
15. Rd1 Qb6 16. Bd2 h6 17. Bxa5 Qxa5 18. Ne6 Bxe6 19. dxe6 Rfd8 20. Bxb7 Rab8
21. Qb3 c4 22. Rxd8+ Qxd8 23. Qb5 Qd2 24. Rb1 Qc2 25. Rf1 Qxb2 26. Qxb2 Bxb2
27. Ba6 c3 28. Bd3 Rd8 0-1

[Event "VII. Berecz memorial A 2019"]
[Site "?"]
[Date "2020.01.03"]
[Round "4.4"]
[White "Papp, Bence"]
[Black "Udvardi, Zalan"]
[Result "1/2-1/2"]
[WhiteElo "2140"]
[BlackElo "2210"]
[PlyCount "39"]
[EventDate "2020.01.02"]

1. e4 c5 2. Nf3 Nc6 3. d4 cxd4 4. Nxd4 Nf6 5. Nc3 e5 6. Ndb5 d6 7. Bg5 a6 8.
Na3 b5 9. Nd5 Be7 10. Bxf6 Bxf6 11. c4 b4 12. Nc2 a5 13. Qf3 Be7 14. Rd1 Be6
15. c5 Bxd5 16. Rxd5 Qc7 17. cxd6 Bxd6 18. Bb5 O-O 19. Bxc6 Qxc6 20. Qd3
1/2-1/2

[Event "VII. Berecz memorial A 2019"]
[Site "?"]
[Date "2020.01.03"]
[Round "4.5"]
[White "Palotai, Bendeguz"]
[Black "Horvath, Zsolt"]
[Result "0-1"]
[WhiteElo "2024"]
[BlackElo "2398"]
[PlyCount "74"]
[EventDate "2020.01.02"]

1. d4 Nf6 2. Nf3 e6 3. Bf4 c5 4. c3 b6 5. e3 Bb7 6. Nbd2 cxd4 7. exd4 Be7 8.
Bd3 O-O 9. h3 d6 10. O-O Nbd7 11. a4 a6 12. Re1 Nd5 13. Bg3 N7f6 14. Qb3 Nh5
15. Bh2 Ndf4 16. Bf1 Ng6 17. a5 b5 18. c4 Bc6 19. cxb5 Bxb5 20. Bxb5 Rb8 21.
Qa4 Rxb5 22. Nc4 Nhf4 23. Red1 Qb8 24. b3 Ne2+ 25. Kh1 Nc3 26. Qa3 Rxb3 27. Qc1
Nxd1 28. Qxd1 Rb5 29. Nfd2 Rd8 30. Ne4 Qa7 31. Nc3 Rb4 32. Nb6 Bf6 33. Ne2 Qb7
34. Qd2 Nh4 35. d5 Rxb6 36. axb6 Bxa1 37. Qg5 Bf6 0-1

[Event "VII. Berecz memorial A 2019"]
[Site "?"]
[Date "2020.01.03"]
[Round "4.6"]
[White "Helenyi, Zoltan"]
[Black "Tatar Kis, Szabolcs"]
[Result "0-1"]
[WhiteElo "1991"]
[BlackElo "2372"]
[PlyCount "50"]
[EventDate "2020.01.02"]

1. c4 g6 2. Nc3 Bg7 3. Nf3 Nf6 4. g3 O-O 5. Bg2 d6 6. d4 Nbd7 7. O-O e5 8. e3
Re8 9. b3 c6 10. dxe5 dxe5 11. Bb2 Qc7 12. Qe2 Nc5 13. Ba3 Qa5 14. Bxc5 Qxc5
15. h3 h6 16. Rac1 Bf5 17. Rfd1 Qa5 18. Qd2 Rad8 19. Nd5 Qa3 20. Qb4 Qxb4 21.
Nxb4 Rxd1+ 22. Rxd1 a5 23. e4 Bxe4 24. Nd3 Bxd3 25. Nxe5 Be2 0-1

[Event "VII. Berecz memorial A 2019"]
[Site "?"]
[Date "2020.01.03"]
[Round "4.7"]
[White "Lakatos, Alfred"]
[Black "Csizmadia, Laszlo"]
[Result "0-1"]
[WhiteElo "1573"]
[BlackElo "2346"]
[PlyCount "95"]
[EventDate "2020.01.02"]

1. Nf3 d5 2. g3 c5 3. Bg2 Nc6 4. d4 cxd4 5. Nxd4 Nf6 6. O-O Qb6 7. c3 e5 8. Nb3
Be6 9. Be3 Qc7 10. Na3 a6 11. Bc5 Be7 12. Bxe7 Nxe7 13. Rc1 Rd8 14. Nc2 O-O 15.
Ne1 b5 16. Nf3 a5 17. Ng5 Bf5 18. Qe1 h6 19. Nf3 Nc6 20. Nbd2 Qb6 21. Nh4 Be6
22. Kh1 e4 23. f4 Qe3 24. f5 Bc8 25. Bh3 Qg5 26. Nb3 Ba6 27. Nc5 Bc8 28. e3 Ne5
29. Rc2 Rfe8 30. Qe2 Nc4 31. Re1 g6 32. b3 Nd6 33. Rf1 Re5 34. Rcc1 Bxf5 35.
Bxf5 Nxf5 36. Nxf5 Rxf5 37. Rxf5 Qxf5 38. Nb7 Ra8 39. Nd6 Qg4 40. Qf2 Qf3+ 41.
Qxf3 exf3 42. Nxb5 Re8 43. Nd4 Rxe3 44. Rf1 Rxc3 45. Rxf3 Rc1+ 46. Kg2 Ne4 47.
Rf1 Rc5 48. Rd1 0-1

[Event "VII. Berecz memorial A 2019"]
[Site "?"]
[Date "2020.01.03"]
[Round "4.8"]
[White "Kopasz, Robert"]
[Black "Koszta, Benedek"]
[Result "1-0"]
[WhiteElo "2337"]
[BlackElo "2096"]
[PlyCount "85"]
[EventDate "2020.01.02"]

1. e4 c5 2. Nf3 d6 3. b3 Nf6 4. Bb5+ Bd7 5. Bxd7+ Nbxd7 6. Qe2 g6 7. Bb2 Bg7 8.
O-O O-O 9. c4 e5 10. Nc3 a6 11. d3 Rb8 12. Nd2 Nh5 13. g3 b5 14. Nd5 Nb6 15.
Ne3 Qg5 16. Nf3 Qe7 17. Ne1 Bh6 18. N1g2 Rbe8 19. Rae1 Bxe3 20. Nxe3 Ng7 21. f4
f6 22. f5 g5 23. Qd2 b4 24. a3 a5 25. Ra1 Ra8 26. Ra2 Ra7 27. Rfa1 Rfa8 28. Qc2
Ne8 29. Bc1 h6 30. Qd1 Ng7 31. h4 gxh4 32. gxh4 h5 33. Kh2 Qf7 34. Nf1 a4 35.
axb4 cxb4 36. Be3 Qb7 37. bxa4 Rxa4 38. Rxa4 Rxa4 39. Rxa4 Nxa4 40. Qxa4 Nxf5
41. exf5 Qf3 42. Qe8+ Kg7 43. Bh6+ 1-0

[Event "VII. Berecz memorial A 2019"]
[Site "?"]
[Date "2020.01.03"]
[Round "4.9"]
[White "Szajbely, Zsigmond"]
[Black "Balint, Richard"]
[Result "1-0"]
[WhiteElo "2287"]
[BlackElo "2041"]
[PlyCount "43"]
[EventDate "2020.01.02"]

1. e4 c6 2. c4 d6 3. Nc3 Nf6 4. d4 g6 5. f4 Bg7 6. Be2 O-O 7. Be3 e5 8. fxe5
dxe5 9. d5 a6 10. Nf3 b5 11. dxc6 Qxd1+ 12. Rxd1 b4 13. Nd5 Be6 14. Ne7+ Kh8
15. c7 Nbd7 16. Ng5 Rfc8 17. Nxc8 Rxc8 18. Nxe6 fxe6 19. Rd6 Bf8 20. Rc6 Nxe4
21. Rf1 Kg7 22. Bg4 1-0

[Event "VII. Berecz memorial A 2019"]
[Site "?"]
[Date "2020.01.03"]
[Round "4.10"]
[White "Tubak, Daniel"]
[Black "Tapodi, Norman Lajos"]
[Result "1/2-1/2"]
[WhiteElo "2231"]
[BlackElo "2033"]
[PlyCount "50"]
[EventDate "2020.01.02"]

1. e4 c5 2. Nf3 Nc6 3. d4 cxd4 4. Nxd4 e5 5. Nb5 d6 6. N1c3 a6 7. Na3 Be7 8.
Nc4 b5 9. Ne3 Nf6 10. Ned5 Be6 11. Nxf6+ Bxf6 12. g3 O-O 13. Bg2 Qd7 14. O-O b4
15. Nd5 Bd8 16. a3 bxa3 17. Rxa3 Ne7 18. Nxe7+ Bxe7 19. Ra1 Rfc8 20. b3 Qc6 21.
c4 a5 22. Ra4 Qb7 23. Bd2 Rcb8 24. Rxa5 Rxa5 25. Bxa5 Qxb3 1/2-1/2

[Event "VII. Berecz memorial A 2019"]
[Site "?"]
[Date "2020.01.03"]
[Round "4.11"]
[White "Fekete, Albert"]
[Black "Bilku, Andras"]
[Result "1-0"]
[WhiteElo "2169"]
[BlackElo "1998"]
[PlyCount "79"]
[EventDate "2020.01.02"]

1. Nf3 Nf6 2. c4 c5 3. Nc3 Nc6 4. d3 g6 5. g3 Bg7 6. e4 d6 7. Bg2 O-O 8. O-O
Rb8 9. Bd2 a6 10. b3 Nd7 11. Qc1 Nde5 12. Ne1 Nb4 13. Qb1 b5 14. f4 Ng4 15. Qc1
Bd4+ 16. Kh1 Nf2+ 17. Rxf2 Bxf2 18. Nf3 bxc4 19. dxc4 f5 20. Qf1 Bd4 21. Nxd4
cxd4 22. Nd5 Nc2 23. Rc1 Ne3 24. Nxe3 dxe3 25. Bxe3 Bb7 26. exf5 Bxg2+ 27. Qxg2
Rxf5 28. Qe4 Qd7 29. Kg1 Rbf8 30. Rd1 g5 31. Kh1 g4 32. Kg1 h5 33. c5 d5 34.
Qd4 e6 35. Re1 Qc6 36. Bc1 Rc8 37. b4 Qd7 38. Bb2 Kh7 39. Rxe6 Ra8 40. c6 1-0

[Event "VII. Berecz memorial A 2019"]
[Site "?"]
[Date "2020.01.03"]
[Round "4.12"]
[White "Toth, Nikoletta"]
[Black "Bacsi, Kristof"]
[Result "1-0"]
[WhiteElo "2003"]
[BlackElo "1777"]
[PlyCount "57"]
[EventDate "2020.01.02"]

1. d4 d5 2. Bf4 Nf6 3. e3 e6 4. Nf3 Bd6 5. Bg3 O-O 6. Bd3 c5 7. c3 Nc6 8. Nbd2
b6 9. O-O Bxg3 10. hxg3 Bb7 11. e4 cxd4 12. e5 dxc3 13. exf6 cxd2 14. fxg7 Kxg7
15. Qxd2 Qf6 16. g4 Ne5 17. Nxe5 Qxe5 18. f4 Qd4+ 19. Rf2 Rac8 20. Raf1 a6 21.
Qe2 b5 22. Qf3 Rh8 23. f5 e5 24. f6+ Kf8 25. Bf5 Rb8 26. Qa3+ Kg8 27. Qd6 Rf8
28. Be6 h6 29. Qe7 1-0

[Event "VII. Berecz memorial A 2019"]
[Site "?"]
[Date "2020.01.03"]
[Round "4.13"]
[White "Papp, Balazs"]
[Black "Torok, Csaba"]
[Result "0-1"]
[WhiteElo "2102"]
[BlackElo "1719"]
[PlyCount "86"]
[EventDate "2020.01.02"]

1. d4 Nf6 2. c4 g6 3. Nc3 Bg7 4. e4 O-O 5. Be2 d6 6. Nf3 e5 7. O-O exd4 8. Nxd4
Re8 9. f3 Nc6 10. Be3 Nh5 11. f4 Nf6 12. Bf3 Bd7 13. f5 gxf5 14. Bg5 Nxd4 15.
Qxd4 Nxe4 16. Qxe4 fxe4 17. Bxd8 Bxc3 18. bxc3 Raxd8 19. Be2 Kg7 20. Rf4 c6 21.
Rd1 Bc8 22. Kf2 d5 23. Ke3 Rd6 24. Rdf1 Re7 25. c5 Rd8 26. Bh5 Be6 27. Rb1 Red7
28. Rb4 Rb8 29. Rf2 b6 30. Rfb2 Rdb7 31. Be2 b5 32. a4 a5 33. Rxb5 cxb5 34.
axb5 Bd7 35. b6 Bc6 36. Ba6 Kf6 37. Kd4 Ke6 38. g4 Re7 39. c4 dxc4 40. Bxc4+
Kd7 41. Bd5 e3 42. Re2 a4 43. Bc4 a3 0-1

[Event "VII. Berecz memorial A 2019"]
[Site "?"]
[Date "2020.01.03"]
[Round "4.14"]
[White "Nagy, Lajos"]
[Black "Megyaszai, Balazs"]
[Result "0-1"]
[WhiteElo "1765"]
[BlackElo "1904"]
[Annotator "Bartos,Ferenc"]
[PlyCount "62"]
[EventDate "2020.01.02"]

1. e4 c5 2. c3 d5 3. exd5 Qxd5 4. d4 e6 5. Nf3 Nc6 6. Na3 Nf6 7. Nb5 Qd8 8. Bf4
Nd5 9. Bg3 a6 10. Na3 cxd4 11. Nxd4 Bxa3 12. Nxc6 bxc6 13. bxa3 O-O 14. Qb3 Qf6
15. Rc1 {Itt világos a Vb3 e5 lépéspárt adta meg, míg sötét a Fc4 Fe6
lépéspárt. Mindkettő lehetetlen, a 26. Bcd1-ig kellett előre elemezni a
partit a hibátlan jegyzéshez, bár a Bc1 lépés adta magát a c3 gyalog
védelme miatt, de egyik fél sem ezt írta be!} e5 16. Bc4 Be6 17. O-O Rab8
18. Qc2 Nf4 19. Bxa6 Ra8 20. Bxf4 exf4 21. Bb7 Rxa3 22. Qe4 Bd5 23. Qb4 Rxa2
24. c4 Rb2 25. Qc5 Bxg2 26. Kxg2 Rxb7 27. Rcd1 Re7 28. Qh5 Re5 29. Qf3 Rfe8 30.
Rd4 Rg5+ 31. Kh1 Qxd4 0-1

[Event "VII. Berecz memorial A 2019"]
[Site "?"]
[Date "2020.01.03"]
[Round "4.15"]
[White "Jojart, Zsolt"]
[Black "Matyassy, Lazar"]
[Result "1/2-1/2"]
[WhiteElo "1672"]
[BlackElo "1822"]
[PlyCount "110"]
[EventDate "2020.01.02"]

1. e4 c5 2. Nc3 Nc6 3. Bb5 g6 4. Bxc6 bxc6 5. d3 Nf6 6. Bg5 Bg7 7. Nge2 O-O 8.
O-O Rb8 9. Rb1 d6 10. Qd2 Ba6 11. f4 d5 12. Bxf6 Bxf6 13. Kh1 e6 14. f5 e5 15.
Na4 Be7 16. exd5 cxd5 17. Qe3 f6 18. fxg6 hxg6 19. Qh6 Qe8 20. Nac3 Rd8 21. Rf3
Bc8 22. g4 Qf7 23. h3 Qh7 24. Qxh7+ Kxh7 25. Kg1 Be6 26. Re1 f5 27. gxf5 gxf5
28. Nf4 e4 29. Nxe6 Rg8+ 30. Kf1 exf3 31. Nxd8 Bxd8 32. Nxd5 f2 33. Re6 Rg3 34.
Kxf2 Bh4 35. Re3 Rxh3+ 36. Kg2 Rxe3 37. Nxe3 Kg6 38. Kf3 Bd8 39. Nd5 Kg5 40. a3
Kg6 41. Kf4 Bg5+ 42. Ke5 Bc1 43. Ne7+ Kg5 44. Nxf5 Bxb2+ 45. Ke4 Bxa3 46. Ne3
a5 47. Nd1 Kf6 48. Kd5 Ke7 49. Nc3 Kd7 50. Na4 Kc7 51. c3 c4 52. dxc4 Be7 53.
c5 Bh4 54. c6 Be7 55. c4 Bb4 1/2-1/2

[Event "VII. Berecz memorial A 2019"]
[Site "?"]
[Date "2020.01.03"]
[Round "4.16"]
[White "Bernath, Robert"]
[Black "Varga, Gabor"]
[Result "1-0"]
[WhiteElo "2035"]
[BlackElo "1853"]
[PlyCount "115"]
[EventDate "2020.01.02"]

1. e4 c5 2. Nf3 e6 3. d4 cxd4 4. Nxd4 a6 5. c4 Qc7 6. a3 Nf6 7. Nc3 d6 8. Be3
Nbd7 9. Be2 Be7 10. O-O b6 11. Qd2 Bb7 12. f3 O-O 13. b4 Ne5 14. Rac1 Rac8 15.
Na4 Bd8 16. Nxb6 Qxb6 17. Nxe6 Qc6 18. Nxf8 Kxf8 19. Rfd1 Be7 20. Qd4 Nfd7 21.
f4 Ng6 22. c5 d5 23. exd5 Qf6 24. c6 Qxd4 25. Rxd4 Bf6 26. Rdc4 Re8 27. Kf2 Ba8
28. cxd7 Rd8 29. Rc8 Bxd5 30. Rxd8+ Bxd8 31. Rc8 Ke7 32. Bg4 Be6 33. Bxe6 fxe6
34. Ra8 Kxd7 35. Rxa6 Ne7 36. b5 Nd5 37. Ra7+ Kd6 38. Rxg7 h5 39. Bd2 Bf6 40.
Rg6 Bd4+ 41. Kf3 Nf6 42. Rxf6 Bxf6 43. Be3 e5 44. fxe5+ Kxe5 45. b6 Kd6 46. Ke4
Kc6 47. Kf5 Be7 48. a4 Bd6 49. h3 Bg3 50. a5 Kb7 51. Bd2 Ka6 52. Kg5 h4 53. Kg4
Bf2 54. Kf3 Bg3 55. Ke2 Kb5 56. Be1 Be5 57. Bxh4 Kxa5 58. Bf2 1-0

[Event "VII. Berecz memorial A 2019"]
[Site "?"]
[Date "2020.01.03"]
[Round "4.17"]
[White "Nagy, Gabor"]
[Black "Szilassi, Abel"]
[Result "1/2-1/2"]
[WhiteElo "1854"]
[BlackElo "2021"]
[PlyCount "29"]
[EventDate "2020.01.02"]

1. e4 g6 2. d4 Bg7 3. c4 d6 4. Nf3 Nf6 5. Nc3 O-O 6. Be2 c5 7. O-O cxd4 8. Nxd4
Nc6 9. Be3 Bd7 10. Rb1 Rc8 11. f3 a6 12. Qd2 Qc7 13. Nxc6 Qxc6 14. Bd4 Be6 15.
Nd5 1/2-1/2

[Event "VII. Berecz memorial A 2019"]
[Site "?"]
[Date "2020.01.03"]
[Round "4.18"]
[White "Panda, Barnabas"]
[Black "Kocsmar, Akos"]
[Result "1-0"]
[WhiteElo "1728"]
[BlackElo "1941"]
[PlyCount "143"]
[EventDate "2020.01.02"]

1. d4 d5 2. c4 e6 3. Nc3 c6 4. Nf3 Nf6 5. e3 Nbd7 6. Bd3 Bd6 7. e4 dxe4 8. Nxe4
Nxe4 9. Bxe4 Nf6 10. Bc2 b6 11. O-O h6 12. b3 Bb7 13. Bb2 c5 14. dxc5 Bxc5 15.
Qe2 O-O 16. Rad1 Qe7 17. Ne5 Rad8 18. Ng4 Nxg4 19. Qxg4 Qg5 20. Qxg5 hxg5 21.
Rxd8 Rxd8 22. Rd1 Rxd1+ 23. Bxd1 f6 24. Kf1 Kf8 25. f3 Ke7 26. Ke2 Kd6 27. Bc2
e5 28. Bf5 Bc6 29. a4 a5 30. Kd3 Be8 31. g4 Bc6 32. Ke2 Ke7 33. Bc3 Bd6 34. Be4
Bxe4 35. fxe4 Bc5 36. Be1 Kd6 37. h4 gxh4 38. Bxh4 Ke6 39. Kd3 g6 40. Bg3 f5
41. gxf5+ gxf5 42. Bh4 Bd4 43. Be1 Bc5 44. Bh4 f4 45. Ke2 Kd7 46. Bf6 Bd6 47.
Bg5 Kc6 48. Bh4 Kc5 49. Bf2+ Kc6 50. Be1 Bc5 51. Bc3 Bd4 52. Be1 Kc5 53. Bd2
Bb2 54. Kd3 Ba3 55. Bc3 Kd6 56. Ke2 Ke6 57. Be1 Bc5 58. Bh4 Bd4 59. Be1 Kf6 60.
b4 axb4 61. Bxb4 Ke6 62. a5 bxa5 63. Bxa5 Kd7 64. Bb4 Kc6 65. Kf3 Bc5 66. Bc3
Bd6 67. Bb2 Kb6 68. Bc1 Bc7 69. Ba3 Ka5 70. Be7 Ka4 71. Bf8 Kb3 72. c5 1-0

[Event "VII. Berecz memorial A 2019"]
[Site "?"]
[Date "2020.01.03"]
[Round "4.19"]
[White "Retkes, Sandor"]
[Black "Toth, Sandor Sr."]
[Result "0-1"]
[WhiteElo "1925"]
[BlackElo "1745"]
[PlyCount "76"]
[EventDate "2020.01.02"]

1. d4 d5 2. e4 dxe4 3. Nc3 Nf6 4. f3 exf3 5. Nxf3 e6 6. Bc4 Be7 7. O-O O-O 8.
Qe1 c5 9. Bf4 a6 10. Kh1 b5 11. Bd3 Bb7 12. dxc5 Bxc5 13. Rd1 Qc8 14. Qh4 Nbd7
15. Bg5 Be7 16. Bxf6 Nxf6 17. Ne5 h6 18. Ng4 Qc6 19. Qh3 Qxg2+ 20. Qxg2 Bxg2+
21. Kxg2 Nxg4 22. Rde1 Bc5 23. Rf3 Nf6 24. Kh3 Rfc8 25. Ref1 Ra7 26. Rg3 Kh8
27. Kg2 Rd8 28. Rgf3 Kg8 29. Kh3 Re7 30. Rg3 Nd7 31. Ne4 f5 32. Nc3 Ne5 33. Be2
Rd2 34. Bd1 Nc4 35. Nb1 Rdd7 36. Bh5 Nxb2 37. Bg6 Nc4 38. Rg2 Ne3 0-1

[Event "VII. Berecz memorial A 2019"]
[Site "?"]
[Date "2020.01.03"]
[Round "4.20"]
[White "Farkas, Sandor"]
[Black "Kardos, Levente"]
[Result "0-1"]
[WhiteElo "1898"]
[BlackElo "1699"]
[PlyCount "66"]
[EventDate "2020.01.02"]

1. d4 Nf6 2. Nf3 g6 3. e3 Bg7 4. b4 d6 5. Bb2 O-O 6. Be2 Nbd7 7. O-O b6 8. c4
c5 9. b5 Bb7 10. Ng5 Qc7 11. Bf3 Bxf3 12. Nxf3 cxd4 13. Nxd4 Qxc4 14. Nd2 Qc7
15. Qe2 Rac8 16. Nc6 Nb8 17. Nd4 Qd7 18. a4 Rc7 19. Nc4 Rfc8 20. Rac1 Ne4 21.
a5 d5 22. Na3 Rxc1 23. Rxc1 Rxc1+ 24. Bxc1 Qc7 25. Bb2 bxa5 26. f3 Nd6 27. Nb3
Bxb2 28. Qxb2 Nc4 29. Qc2 Nd7 30. Nd2 Ndb6 31. Naxc4 Nxc4 32. Nb3 Qb6 33. Nd4
e5 0-1

[Event "VII. Berecz memorial A 2019"]
[Site "?"]
[Date "2020.01.03"]
[Round "4.21"]
[White "Kapicakova, Lucia"]
[Black "Fekete, Agnes"]
[Result "0-1"]
[WhiteElo "1601"]
[BlackElo "1891"]
[PlyCount "148"]
[EventDate "2020.01.02"]

1. e4 c5 2. Nc3 d6 3. d3 Nf6 4. Nge2 Nc6 5. f4 e6 6. g3 a6 7. Bg2 Be7 8. O-O
O-O 9. Be3 Rb8 10. a4 Qc7 11. h3 b5 12. axb5 axb5 13. g4 b4 14. Na4 Bb7 15. b3
Nd7 16. Ng3 Bf6 17. Ra2 Bd4 18. Qd2 Bxe3+ 19. Qxe3 Nd4 20. Ne2 Nxe2+ 21. Qxe2
Rbe8 22. Rfa1 f5 23. Rf1 fxg4 24. hxg4 Rf6 25. g5 Rf7 26. Qh5 g6 27. Qg4 Bc6
28. Nb2 d5 29. e5 Nb6 30. Rf2 Bb5 31. Bf1 Rf5 32. Be2 Qf7 33. Ra1 Rf8 34. Raf1
Qa7 35. Nd1 d4 36. Qg3 R5f7 37. Bg4 Bd7 38. Bh3 Nd5 39. Bg2 Ne7 40. Bh3 Nf5 41.
Bxf5 Rxf5 42. Qh4 Bc6 43. Qg3 Qd7 44. Rh2 R5f7 45. Rh4 Ra8 46. Nf2 Ra2 47. Ng4
Rxc2 48. Nf6+ Rxf6 49. exf6 Rg2+ 50. Qxg2 Bxg2 51. Kxg2 Qd5+ 52. Rf3 Qxb3 53.
Rfh3 h5 54. gxh6 Kh7 55. f7 Qa2+ 56. Kg3 Qa8 57. Rh1 Qf8 58. Rc1 Qxf7 59. Rxc5
Qb7 60. Rc2 b3 61. Rb2 Qd5 62. Re2 Qf5 63. Rd2 Qb5 64. Rhh2 e5 65. fxe5 Qxe5+
66. Kf3 Qe3+ 67. Kg4 g5 68. Kh5 Qe7 69. Rdf2 Qe8+ 70. Kg4 Qe6+ 71. Rf5 Kg6 72.
h7 Qxf5+ 73. Kg3 Qf4+ 74. Kg2 Qxh2+ 0-1

[Event "VII. Berecz memorial A 2019"]
[Site "?"]
[Date "2020.01.03"]
[Round "4.22"]
[White "Markus, Molli Amina"]
[Black "Hajdu, Istvan"]
[Result "1/2-1/2"]
[WhiteElo "1669"]
[BlackElo "1863"]
[PlyCount "112"]
[EventDate "2020.01.02"]

1. Nf3 f5 2. c4 Nf6 3. g3 g6 4. Bg2 Bg7 5. O-O O-O 6. Nc3 d6 7. d3 e5 8. Rb1 a5
9. a3 Nh5 10. Bg5 Qe8 11. Nd5 Rf7 12. Bd2 h6 13. b4 axb4 14. axb4 Be6 15. Nc3
c6 16. Ne1 Qd7 17. b5 d5 18. bxc6 bxc6 19. Na4 Qd8 20. cxd5 cxd5 21. Nb6 Ra6
22. Nxd5 Rd6 23. Nc3 e4 24. Nb5 Rd5 25. Qc2 Na6 26. Qc6 Qc8 27. Qxc8+ Bxc8 28.
Nc3 Rd8 29. Rb6 Kh7 30. Na4 Bd4 31. Rb1 Bd7 32. Nc3 Rc8 33. Nd5 exd3 34. exd3
Bc6 35. Nf4 Nxf4 36. Bxf4 Bxg2 37. Nxg2 Rc3 38. Rfd1 Nc5 39. Ne1 Re7 40. Bd6
Re2 41. Bxc5 Rxc5 42. Nf3 Bxf2+ 43. Kf1 Rcc2 44. Rdc1 Be3 45. Rxc2 Rxc2 46.
Rb7+ Kg8 47. Ne5 g5 48. Rb8+ Kg7 49. Rb7+ Kf6 50. Nc4 Bd4 51. Rd7 Bc5 52. Rc7
Bf2 53. Rc6+ Kg7 54. Rc7+ Kg8 55. Rc8+ Kg7 56. Rc7+ Kg8 1/2-1/2

[Event "VII. Berecz memorial A 2019"]
[Site "?"]
[Date "2020.01.03"]
[Round "4.23"]
[White "Pluhar, Andras"]
[Black "Tornyai, Jeno"]
[Result "1-0"]
[WhiteElo "1878"]
[BlackElo "1781"]
[PlyCount "81"]
[EventDate "2020.01.02"]

1. Nf3 d5 2. e3 Nf6 3. b3 e6 4. Bb2 Be7 5. Be2 O-O 6. O-O c5 7. c4 Nc6 8. d4
dxc4 9. bxc4 b6 10. Nc3 Bb7 11. d5 exd5 12. cxd5 Nb4 13. e4 Re8 14. a3 Na6 15.
Bb5 Nd7 16. Qa4 c4 17. Bxd7 Nc5 18. Bxe8 Nxa4 19. Bxa4 a6 20. Rad1 b5 21. Bc2
f6 22. Rfe1 Bc5 23. e5 fxe5 24. Nxe5 Qf8 25. Ne4 Bxa3 26. Ng5 g6 27. Nd7 Qb4
28. Nf6+ Kh8 29. Be5 Bb2 30. Rb1 Qd2 31. Nfe4+ Bxe5 32. Nxd2 Bf4 33. Ndf3 Bxd5
34. Re7 Kg8 35. g3 Bd6 36. Rd7 Bxf3 37. Nxf3 Bf8 38. Be4 Re8 39. Bd5+ Kh8 40.
Ng5 Re7 41. Rd8 1-0

[Event "VII. Berecz memorial A 2019"]
[Site "?"]
[Date "2020.01.03"]
[Round "4.24"]
[White "Balog, Imre"]
[Black "Szabo, Levente Jr."]
[Result "1-0"]
[WhiteElo "1854"]
[BlackElo "1784"]
[PlyCount "150"]
[EventDate "2020.01.02"]

1. d4 d5 2. Nf3 Nf6 3. g3 b6 4. Bg2 Bb7 5. O-O e6 6. b3 Bd6 7. Bb2 O-O 8. Nbd2
Nbd7 9. c4 c5 10. cxd5 Bxd5 11. Re1 Ne4 12. dxc5 Bxc5 13. Nxe4 Bxe4 14. Qd2 Qe7
15. Qf4 Bg6 16. Red1 Rad8 17. b4 Bxb4 18. h4 f6 19. Rac1 Bc5 20. Qa4 Nb8 21. e3
Rxd1+ 22. Rxd1 Rc8 23. Nd4 Be8 24. Qb3 Bf7 25. Qa4 Rd8 26. Qc2 e5 27. Nb3 Rxd1+
28. Qxd1 Bd6 29. Qd3 Nd7 30. Be4 h6 31. Bg6 Bxg6 32. Qxg6 Nc5 33. Nd2 Qf7 34.
Qb1 Qd5 35. Bc3 Na4 36. Ne4 Qc6 37. Qb3+ Kh8 38. Nxd6 Nxc3 39. Nf7+ Kh7 40.
Qc2+ e4 41. Qb3 Qd5 42. Qxc3 Qxf7 43. a3 Qe7 44. Kg2 Qc5 45. Qb3 Qe7 46. Qa4
Kg8 47. Qc4+ Kf8 48. Qc8+ Kf7 49. Qc3 a6 50. Qc4+ Qe6 51. Qxa6 h5 52. Qa4 g5
53. hxg5 fxg5 54. Qd4 Qf5 55. Qxb6 Qf3+ 56. Kg1 h4 57. Qc7+ Kg6 58. Qc6+ Kh5
59. Qe8+ Kh6 60. Qe6+ Kg7 61. gxh4 Qd1+ 62. Kh2 Qf3 63. Qe5+ Kf7 64. Qg3 Qe2
65. hxg5 Qb2 66. Qf4+ Kg8 67. g6 Kg7 68. Qf7+ Kh6 69. g7 Qc1 70. g8=N+ Kg5 71.
Qf6+ Kh5 72. Qf5+ Kh4 73. Qxe4+ Kg5 74. f4+ Kg4 75. Nf6+ Kh4 1-0

[Event "VII. Berecz memorial A 2019"]
[Site "?"]
[Date "2020.01.03"]
[Round "4.25"]
[White "Arato, Daniel"]
[Black "Divald, Tamas"]
[Result "1/2-1/2"]
[WhiteElo "1706"]
[BlackElo "2087"]
[PlyCount "143"]
[EventDate "2020.01.02"]

1. d4 Nf6 2. Nf3 e6 3. c4 b6 4. Nc3 Bb4 5. Qc2 Bb7 6. Bg5 h6 7. Bh4 g5 8. Bg3
Ne4 9. e3 f5 10. Rd1 d6 11. Bd3 Nd7 12. O-O Bxc3 13. bxc3 Qf6 14. Ne1 h5 15. f3
Nxg3 16. hxg3 h4 17. g4 f4 18. Bg6+ Ke7 19. exf4 gxf4 20. Be4 Bxe4 21. Qxe4 c5
22. Nd3 Raf8 23. Nf2 cxd4 24. cxd4 Rc8 25. Nh3 Rhf8 26. Rfe1 e5 27. Qh7+ Rf7
28. dxe5 Nxe5 29. Qd3 Kd7 30. Qd5 Kc7 31. Nxf4 Qxf4 32. Qxd6+ Kb7 33. Rxe5 Rxc4
34. Re7+ Rxe7 35. Qxe7+ Rc7 36. Qxh4 Rc6 37. Qf2 Rh6 38. g3 Qa4 39. Qd2 Ka6 40.
Qd3+ Ka5 41. a3 Qc6 42. Qd5+ Qxd5 43. Rxd5+ Ka4 44. Rd3 a5 45. g5 Rg6 46. f4 b5
47. Kf2 b4 48. axb4 axb4 49. Ke3 b3 50. Kd2 Rc6 51. Rc3 b2 52. Rxc6 b1=Q 53.
Rc3 Kb4 54. Re3 Kc4 55. Ke2 Kd4 56. Re5 Qc2+ 57. Kf3 Qd1+ 58. Kg2 Qg4 59. g6
Qxg6 60. Kf3 Qc6+ 61. Kg4 Qd7+ 62. Kh4 Qh7+ 63. Kg4 Qg6+ 64. Rg5 Qe6+ 65. f5
Qe2+ 66. Kh3 Qd2 67. Rg4+ Ke5 68. Rf4 Kf6 69. Kg4 Qe2+ 70. Kh3 Qh5+ 71. Kg2
Qe2+ 72. Kh3 1/2-1/2